Vegetable diseases and their control (Record no. 37312)
[ view plain ]
| 000 -LEADER | |
|---|---|
| fixed length control field | 00363nam a2200133Ia 4500 |
| 082 ## - DEWEY DECIMAL CLASSIFICATION NUMBER | |
| Classification number | 581.2:635.1/.8:632.9 |
| Item number | CHU |
| 100 ## - MAIN ENTRY--AUTHOR NAME | |
| Personal name | CHUPP, Charles |
| 245 #0 - TITLE STATEMENT | |
| Title | Vegetable diseases and their control |
| 260 ## - PUBLICATION, DISTRIBUTION, ETC. (IMPRINT) | |
| Place of publication | New York |
| Name of publisher | John Wiley |
| Year of publication | 1960 |
| 650 ## - SUBJECT ADDED ENTRY--TOPICAL TERM | |
| Topical Term | Vegetable diseases |
| 700 ## - ADDED ENTRY--PERSONAL NAME | |
| Personal name | SHERF, Arden F |
| 942 ## - ADDED ENTRY ELEMENTS (KOHA) | |
| Koha item type | Books |
| Withdrawn status | Lost status | Damaged status | Not for loan | Home library | Current library | Date acquired | Full call number | Accession Number | Koha item type |
|---|---|---|---|---|---|---|---|---|---|
| RRII Library | RRII Library | 16/12/2021 | 581.2:635.1/.8:632.9 CHU | 17698 | Books |